| 000 | 00000nam##2200000za#4500 |
| 001 | 9.625685 |
| 003 | CaOODSP |
| 005 | 20200421163413 |
| 007 | ta |
| 008 | 150406|2001||||xxc||||| f|0| 0 fre|d |
| 020 | |a0-662-86747-5 |
| 040 | |aCaOODSP|bfre |
| 043 | |an-cn--- |
| 086 | 1 |aNH18-23/52F |
| 110 | 2 |aSociété canadienne d'hypothèques et de logement. |
| 245 | 10|aLignes directrices en matière de conception des corridors de routes régionales |
| 260 | |aOttawa - Ontario : |bSociété canadienne d'hypothèques et de logement |c2001. |
| 300 | |a6p. : |bfigures ; |c28 cm. |
| 490 | 1 |aLe point en recherche. Série socio-économique |v52 |
| 563 | |aDépliant |
| 590 | |a02-06|b2002-02-08 |
| 691 | 07|aInfrastructure|2gcpds |
| 691 | 07|aUrbanisme|2gcpds |
| 776 | 0#|tLignes directrices en matière de conception des corridors de routes régionales |w(CaOODSP)9.602148 |
| 830 | #0|aLe point en recherche. Série socio-économique ;|v52|w(CaOODSP)9.513180 |
| 986 | |aLNH 2267 |